| 000 | 00782nam a22002057a 4500 | ||
|---|---|---|---|
| 005 | 20110104142626.0 | ||
| 008 | 110104t xxu||||| |||| 00| 0 eng d | ||
| 010 | _aENG-101886 | ||
| 020 |
_a9788123758541 _c550.00 |
||
| 035 | _aEN-85419 | ||
| 037 | _bDBAD/PUB | ||
| 040 |
_adpl _bEng |
||
| 100 |
_aShukla,Rajesh _925184 |
||
| 245 |
_aIndian youth demographics and readership : _cby Rajesh Shukla _bresults from the national youth readership survey / |
||
| 260 |
_aNew Delhi _bNational Book Trust _c2010 |
||
| 270 |
_aNehru Bhawan, 5 Institutional Area, Phase II, Vasant Kunj _bNew Delhi _e110070 |
||
| 300 |
_axxvii, 151p. _c28cm (Hb) |
||
| 942 |
_2ddc _cEN _mSHU |
||
| 999 |
_c49736 _d49736 |
||